Liège, Charleroi ou les deux ? (2) - Statistiques

Statistiques générales
  • Ce quiz a été pris 19 fois
  • Le résultat moyen est 10 sur 15
Statistiques - réponses
Question Réponse % Correct
Est traversé par un cours d'eau Les deux
88%
A un théâtre Les deux
88%
A le plus haut gratte-ciel de Wallonie Liège
88%
Est connu pour une célèbre course cycliste Liège
88%
A un beffroi classé au patrimoine mondial de l'UNESCO Charleroi
82%
A un Opéra Liège
82%
Est la capitale sociale de la Wallonie Charleroi
76%
Est une ancienne forteresse Vauban Charleroi
76%
A un réseau de tram Les deux
76%
A une grande université Liège
71%
Est la plus grande agglomération de Wallonie Liège
65%
A un grand centre commercial (plus de 5 millions de visiteurs par an) Les deux
53%
A un port fluvial Les deux
53%
A une place nommée : Place Verte Les deux
24%
A accueilli une Exposition International Les deux
18%
Aucun quiz correspondant
Distribution des résultats
% des personnes avec chaque résultat
Percentile par nombre de réponses
Votre historique - résultats
Vous n’avez pas pris ce quiz